000 00688nam a22002417a 4500
999 _c33127
_d33127
001 2085
003 CO-MdFUSB
005 20170809095610.0
008 170809t1954 xxu||||| |||| 00| 0 eng d
040 _aCO-MdFUSB
_bspa
_cCO-MdFUSB
_dCO-MdFUSBC
_erda
041 0 _aeng
082 0 4 _aG 221.95 O719a
100 1 _aOrlinsky, Harry M. (Meyer) (1908-)
_eautor
245 0 _aAncient Israel
_c/ Harry M. Orlinsky
264 _aIthaca, N.Y., USA :
_b Cornell University,
_c©1954
300 _a195 Pag
336 _2rdacontent
_a1
_ba1
337 _2rdamedia
_a2
_b5
338 _2rdacarrier
_a2
_b5
650 7 _aJudíos
_9270
_xHistoria
653 _aJudíos - Historia - 70 D.C.
942 _cBK